000 00935nam a2200265Ia 4500
003 OSt
005 20221005113535.0
006 a|||||r|||| 00| 0
007 ta
008 221004b |||||||| |||| 00| 0 pan d
020 _a9789351122333 (hbk)
_cINR 150.00
024 _a38536
037 _b1015, 30/01/2018, H.K. Prakashan
_cTextual
040 _aCRL
_cCRL
_bpan
041 _2pan
_apan
082 _aO153,1NSAx, Q7
100 _aਸਾਹਿਰ, ਅਖ਼ਗ਼ਲ, ਂਚ.
245 0 _aਨਾਲ ਸੱਜਣ ਦੇ ਹਹੀਏ
260 _aਲੁਧਿਆਨਾ
_bਚੇਤਨਾ ਪ੍ਰਕਾFਨ ਭਾਰਤ
_c2017
300 _a95ਪ0
_ccm.
650 _a ਪੰਜਾਬੀ ਕਾਵਿ
650 _aਪੰਜਾਬੀ ਸਾਹਿਤ
942 _hO153,1NSAx, Q7
_cTEXL
_2cc
999 _c1028520
_d1028520